Sanctions as economic statecraft : (Record no. 9270)
[ view plain ]
| 000 -LEADER | |
|---|---|
| fixed length control field | 01612cam a22003734a 4500 |
| 001 - CONTROL NUMBER | |
| control field | 11941910 |
| 003 - CONTROL NUMBER IDENTIFIER | |
| control field | OSt |
| 005 - DATE AND TIME OF LATEST TRANSACTION | |
| control field | 20240723113117.0 |
| 008 - FIXED-LENGTH DATA ELEMENTS--GENERAL INFORMATION | |
| fixed length control field | 000315s2000 enka b 001 0 eng |
| 010 ## - LIBRARY OF CONGRESS CONTROL NUMBER | |
| LC control number | 00035259 |
| 020 ## - INTERNATIONAL STANDARD BOOK NUMBER | |
| International Standard Book Number | 0312231970 (in North America) |
| 020 ## - INTERNATIONAL STANDARD BOOK NUMBER | |
| International Standard Book Number | 0333804465 |
| 040 ## - CATALOGING SOURCE | |
| Transcribing agency | MUST |
| 042 ## - AUTHENTICATION CODE | |
| Authentication code | pcc |
| 043 ## - GEOGRAPHIC AREA CODE | |
| Geographic area code | n-us--- |
| 050 00 - LIBRARY OF CONGRESS CALL NUMBER | |
| Classification number | 337.73 SAN 2000 |
| Item number | .S258 2000 |
| 082 00 - DEWEY DECIMAL CLASSIFICATION NUMBER | |
| Classification number | 337.73 |
| Edition number | 21 |
| 245 00 - TITLE STATEMENT | |
| Title | Sanctions as economic statecraft : |
| Remainder of title | theory and practice / |
| Statement of responsibility, etc. | edited by Steve Chan and A. Cooper Drury. |
| 260 ## - PUBLICATION, DISTRIBUTION, ETC. (IMPRINT) | |
| Place of publication, distribution, etc. | Houndmills, Basingstoke, Hampshire |
| -- | New York |
| Name of publisher, distributor, etc. | Palgrave Macmillan |
| Date of publication, distribution, etc. | c2000. |
| 300 ## - PHYSICAL DESCRIPTION | |
| Extent | xii, 258 p. : |
| Other physical details | ill. ; |
| Dimensions | 222cm. |
| 440 #0 - SERIES STATEMENT/ADDED ENTRY--TITLE | |
| Title | International political economy series |
| 9 (RLIN) | 970 |
| 504 ## - BIBLIOGRAPHY, ETC. NOTE | |
| Bibliography, etc | Includes bibliographical references (234-249) and index. |
| 650 #0 - SUBJECT ADDED ENTRY--TOPICAL TERM | |
| Topical term or geographic name as entry element | Economic sanctions, American |
| General subdivision | History. |
| 9 (RLIN) | 18950 |
| 651 #0 - SUBJECT ADDED ENTRY--GEOGRAPHIC NAME | |
| Geographic name | United States |
| General subdivision | Commercial policy |
| -- | History. |
| 9 (RLIN) | 18951 |
| 700 1# - ADDED ENTRY--PERSONAL NAME | |
| Personal name | Chan, Steve. |
| 9 (RLIN) | 18952 |
| 700 1# - ADDED ENTRY--PERSONAL NAME | |
| Personal name | Drury, A. Cooper, |
| Dates associated with a name | 1967- |
| 9 (RLIN) | 18953 |
| 830 #0 - SERIES ADDED ENTRY--UNIFORM TITLE | |
| Uniform title | International political economy series (Palgrave Firm) |
| 9 (RLIN) | 1006 |
| 856 42 - ELECTRONIC LOCATION AND ACCESS | |
| Materials specified | Contributor biographical information |
| Uniform Resource Identifier | http://www.loc.gov/catdir/bios/hol057/00035259.html |
| 856 42 - ELECTRONIC LOCATION AND ACCESS | |
| Materials specified | Publisher description |
| Uniform Resource Identifier | http://www.loc.gov/catdir/description/hol051/00035259.html |
| 856 41 - ELECTRONIC LOCATION AND ACCESS | |
| Materials specified | Table of contents |
| Uniform Resource Identifier | http://www.loc.gov/catdir/toc/hol051/00035259.html |
| 906 ## - LOCAL DATA ELEMENT F, LDF (RLIN) | |
| a | 7 |
| b | cbc |
| c | orignew |
| d | 1 |
| e | ocip |
| f | 20 |
| g | y-gencatlg |
| 942 ## - ADDED ENTRY ELEMENTS (KOHA) | |
| Source of classification or shelving scheme | Dewey Decimal Classification |
| Koha item type | Open Shelf |
| Withdrawn status | Lost status | Source of classification or shelving scheme | Damaged status | Not for loan | Home library | Current library | Date acquired | Source of acquisition | Inventory number | Total Checkouts | Full call number | Barcode | Date last seen | Price effective from | Koha item type |
|---|---|---|---|---|---|---|---|---|---|---|---|---|---|---|---|
| Dewey Decimal Classification | MUST Main Library | MUST Main Library | 23/07/2024 | Purchase | 03/20029 | 337.73 | 2024-22118 | 23/07/2024 | 23/07/2024 | Open Shelf | |||||
| Dewey Decimal Classification | MUST Main Library | MUST Main Library | 23/07/2024 | Purchase | 03/20029 | 337.73 | 2024-22119 | 23/07/2024 | 23/07/2024 | Open Shelf | |||||
| Dewey Decimal Classification | MUST Main Library | MUST Main Library | 23/07/2024 | Purchase | 03/20029 | 337.73 | 2024-22120 | 23/07/2024 | 23/07/2024 | Open Shelf |
